000 00292nam a22001337a 4500
008 181022b xxu||||| |||| 00| 0 eng d
020 _a0690014996
041 _aeng
080 _a821
100 _a21
101 _aGJL
245 _aThe Lifetime Reading Plan
_cFadiman, C
942 _2udc
_cBK
999 _c50557
_d50557